| 000 | 00705nam 22002053 4500 | ||
|---|---|---|---|
| 001 | 197467 | ||
| 010 | _a978-65-5298-080-9 | ||
| 090 | _a197467 | ||
| 100 | _a20250805d u||y0pory50 ba | ||
| 200 |
_aSão Cristóvão _eao encontro de um povo com alma e tradição _fManuel João Rufino |
||
| 205 | _a1ª | ||
| 210 |
_aRio de Janeiro _cMágico de OZ _d2025 |
||
| 215 |
_a411 p. _cbrochado _d21 cm |
||
| 300 | _aCom o apoio da Junta de Freguesia de São Cristovão; Com o apoio de Diversão Alentejano | ||
| 606 |
_913512 _aMonografias Regionais _xSão Cristóvão |
||
| 675 |
_a908 _vBR _zpor |
||
| 700 |
_913513 _aRufino _bManuel João _f1963- |
||
| 801 |
_aPT _bBMMN _gRPC |
||
| 830 |
_cFernando _fFernando |
||
| 990 | _cLIVROS | ||